00462nam a2200193 a 4500001001300000003000900013005001700022008004100039020001000080082001300090100001800103245001700121260004000138300000900178500003500187505001000222650001800232700001800250nice12345678IN_TiNIC20260116011853.0050524s1959 lona grp 000 0 eng  ac10000a952bKEE aKeene, Donald aLiving Japan aLondonbWilliam Heinemann Ltdc1959 a224p aincludes index and biblioraphy2 aIndex aJapan-History1 aKeene, Donald